00737cam a22002291 4500001001300000003000400013005001700017008004100034010001700075035002000092040001800112042001200130043001200142050002100154111010500175245010600280260002200386300001800408651003200426651003200458999001700490sa 65003192 DLC20260227112121.0890420s1964 io 100 0 ind  asa 65003192  a(OCoLC)23546650 aDLCcMiUdDLC apremarc aa-io---00aHC442b.K6 1964a2 aKonperensi Presidium Kabinet Kerdja dengan Para Tjatur Tunggal Seluruh Indonesiad(1964 :cDjakarta)10aSekitar keputusan² Konperensi Presidium Kabinet Kerdja dengan Para Tjatur Tunggal Seluruh Indonesia. a[Djakarta,c1964] a16 p.c21 cm. 0aIndonesiaxEconomic policy. 0aIndonesiaxMilitary policy. c63024d63024